Abelian integrals /
Guardado en:
| Autor Principal: | |
|---|---|
| Formato: | Libro |
| Idioma: | English |
| Publicado: |
[Mexico City] :
Universidad Nacional Autónoma de México,
[1983]
|
| Series: | Monografías del Instituto de Matemáticas ;
13 |
| Materias: | |
| Etiquetas: |
Agregar Etiqueta
Sin Etiquetas, Sea el primero en etiquetar este registro!
|
| LEADER | 00666nam a2200205 a 4500 | ||
|---|---|---|---|
| 001 | MAT.inmabb006155 | ||
| 008 | 841025s1983####mx#a#####b####000#0#eng## | ||
| 005 | 20170623151206.0 | ||
| 245 | 1 | 0 | |a Abelian integrals / |c George Kempf. |
| 260 | |a [Mexico City] : |b Universidad Nacional Autónoma de México, |c [1983] | ||
| 300 | |a vii, 225 p. : |b il. ; |c 27 cm. | ||
| 440 | 0 | |a Monografías del Instituto de Matemáticas ; |v 13 | |
| 504 | |a Bibliografía: p. 224-225. | ||
| 510 | 4 | |a MR, |c 85j:14082 | |
| 100 | 1 | |a Kempf, George. | |
| 650 | 0 | |a Functions, Abelian. | |
| 084 | |a 14K20 (14H40) |2 MR | ||
| 010 | |a 84231702 | ||
| 040 | |a DLC |c DLC |d DLC | ||
| 859 | |h 14 |i K32a |p A-6980 |b BIB. MATEMATICA | ||
